[Event "Moscow op-B (Women)"]
[Site "Moscow"]
[Date "2016.02.04"]
[Round "6"]
[White "Shaydullina, Sandugach"]
[Black "Romanova, Anastasia"]
[Result "1-0"]
[WhiteElo "2134"]
[BlackElo "1997"]
[PlyCount "69"]
[EventDate "2016.01.30"]
[EventType "swiss"]
[EventRounds "9"]
[EventCountry "RUS"]
[SourceTitle "CBM 170 Extra"]
[Source "ChessBase"]
[SourceDate "2016.02.25"]
[SourceVersion "1"]
[SourceVersionDate "2016.02.25"]
[SourceQuality "1"]

1. d4 d5 2. c4 c6 3. Nf3 Nf6 4. Nc3 e6 5. g3 Nbd7 6. Bg2 dxc4 7. a4 Be7 8. 0-0 0-0 9. e4 e5 10. dxe5 Ng4 11. Bf4 Qa5 12. e6 fxe6 13. Nd2 Nge5 14. Bh3 Nf6 15. Bxe5 Qxe5 16. Nxc4 Qc5 17. Qb3 Qh5 18. Bg2 Kh8 19. e5 Ng4 20. h3 Nxe5 21. g4 Qg5 22. f4 Rxf4 23. Ne4 Rxe4 24. Bxe4 Nxc4 25. Qxc4 Qe3+ 26. Kg2 e5 27. Rae1 Qh6 28. Qf7 Be6 29. Qxe7 Qd2+ 30. Kh1 Bd5 31. Rf8+ Rxf8 32. Qxf8+ Bg8 33. Rf1 Qd4 34. Bg2 e4 35. Re1 1-0

[Event "St Petersburg-ch (Women)"]
[Site "St Petersburg"]
[Date "2015.03.23"]
[Round "1"]
[White "Romanova, Anastasia"]
[Black "Golovkina, Anastasia"]
[Result "1-0"]
[WhiteElo "2003"]
[BlackElo "1837"]
[PlyCount "187"]
[EventDate "2015.03.23"]
[EventType "swiss"]
[EventRounds "9"]
[EventCountry "RUS"]
[SourceTitle "CBM 165 Extra"]
[Source "ChessBase"]
[SourceDate "2015.04.21"]
[SourceVersion "1"]
[SourceVersionDate "2015.04.21"]
[SourceQuality "1"]

1. Nf3 d5 2. d4 Nf6 3. c4 e6 4. Nc3 Be7 5. Bg5 h6 6. Bh4 0-0 7. e3 b6 8. Bd3 Bb7 9. 0-0 Nbd7 10. Qe2 dxc4 11. Bxc4 Ne4 12. Bg3 Nxg3 13. hxg3 Bf6 14. Rfd1 Qe7 15. Rac1 c5 16. Ba6 Bxa6 17. Qxa6 Rfd8 18. Ne4 cxd4 19. exd4 Nf8 20. Rc4 Rd5 21. Nxf6+ gxf6 22. b4 Rad8 23. Rdc1 Kg7 24. a3 Nh7 25. Rc7 R8d7 26. Qxa7 b5 27. Qb7 Ng5 28. Rxd7 Nxf3+ 29. gxf3 Rxd7 30. Qxb5 Rxd4 31. Qc5 Qd7 32. b5 Rd3 33. Qc6 Qa7 34. Rc4 Qxa3 35. Rg4+ Kf8 36. Qc8+ Ke7 37. Rg8 f5 38. Qf8+ Kf6 39. Qxh6+ Ke7 40. Qg5+ Kd6 41. Rd8+ Kc7 42. Rxd3 Qxd3 43. Qc1+ Kb6 44. Qc6+ Ka5 45. Qb7 Qxb5 46. Qxf7 Qe2 47. Kg2 Kb6 48. Qd7 Kc5 49. Qd8 Kc6 50. Qd4 Kc7 51. Qe3 Qc4 52. Qe5+ Kd7 53. Qg7+ Kc6 54. Qh8 Kd7 55. Qh7+ Kd6 56. Qh4 Qe2 57. Qf4+ Kd7 58. g4 fxg4 59. fxg4 e5 60. Qf5+ Ke7 61. g5 e4 62. g6 e3 63. Qe5+ Kf8 64. Qf6+ Ke8 65. Qe6+ Kd8 66. Qb6+ Kd7 67. Qd4+ Kc6 68. Qxe3 Qg4+ 69. Qg3 Qe6 70. g7 Qg8 71. Qf3+ Kd7 72. Qf5+ Kc7 73. Qc5+ Kd7 74. Qa7+ Kd6 75. Qa3+ Kd7 76. Qa4+ Ke7 77. Qb4+ Kd7 78. Qb5+ Kd6 79. Qd3+ Ke7 80. Qe3+ Kd7 81. Qh3+ Ke7 82. Qh4+ Kd7 83. Qg4+ Ke7 84. Qg5+ Kd7 85. Qf5+ Kc7 86. Qe5+ Kd7 87. Kg3 Qb3+ 88. f3 Qg8 89. Qf5+ Kc6 90. Qf6+ Kd7 91. Qf8 Qd5 92. g8Q Qe5+ 93. Qf4 Qe1+ 94. Kh2 1-0

[Event "Moscow op-B (Women)"]
[Site "Moscow"]
[Date "2015.02.07"]
[Round "8"]
[White "Makhno, Maria"]
[Black "Romanova, Anastasia"]
[Result "0-1"]
[WhiteElo "1775"]
[BlackElo "2005"]
[PlyCount "76"]
[EventDate "2015.01.31"]
[EventType "swiss"]
[EventRounds "9"]
[EventCountry "RUS"]
[SourceTitle "CBM 164 Extra"]
[Source "ChessBase"]
[SourceDate "2015.03.02"]
[SourceVersion "1"]
[SourceVersionDate "2015.03.02"]
[SourceQuality "1"]

1. d4 d5 2. c4 c6 3. Nc3 Nf6 4. cxd5 cxd5 5. Bf4 Nc6 6. e3 a6 7. Bd3 Bg4 8. f3 Bh5 9. Nge2 e6 10. Qb3 Ra7 11. 0-0 Bg6 12. Qd1 Nh5 13. Be5 Be7 14. Qd2 0-0 15. e4 dxe4 16. fxe4 Bg5 17. Qd1 f6 18. Bg3 Nxg3 19. Nxg3 Qxd4+ 20. Kh1 Rd8 21. Be2 Qb4 22. Qb3 Qxb3 23. axb3 Raa8 24. Na4 Be3 25. Rf3 Ba7 26. Rc3 Nd4 27. Bg4 Bf7 28. Ne2 b5 29. Nc5 Bxc5 30. Rxc5 Nxb3 31. Rac1 Nxc1 32. Rxc1 Rac8 33. Ra1 h5 34. Bf3 Rd6 35. Kg1 Rc2 36. Rb1 Rdd2 37. b4 Rxe2 38. Bxe2 Rxe2 0-1

[Event "Moscow op-B (Women)"]
[Site "Moscow"]
[Date "2015.02.06"]
[Round "7"]
[White "Romanova, Anastasia"]
[Black "Troyanok, Tatiana"]
[Result "1-0"]
[WhiteElo "2005"]
[BlackElo "1604"]
[PlyCount "69"]
[EventDate "2015.01.31"]
[EventType "swiss"]
[EventRounds "9"]
[EventCountry "RUS"]
[SourceTitle "CBM 164 Extra"]
[Source "ChessBase"]
[SourceDate "2015.03.02"]
[SourceVersion "1"]
[SourceVersionDate "2015.03.02"]
[SourceQuality "1"]

1. Nf3 d5 2. d4 c6 3. c4 Nf6 4. Nc3 e6 5. e3 Nbd7 6. Bd3 dxc4 7. Bxc4 b5 8. Bd3 b4 9. Na4 c5 10. 0-0 Be7 11. dxc5 Nxc5 12. Nxc5 Bxc5 13. Qc2 Be7 14. Ne5 0-0 15. Nc6 Qe8 16. e4 h6 17. Be3 Nd7 18. Nxa7 Ne5 19. Nxc8 Rxc8 20. Qe2 Nxd3 21. Qxd3 Qa4 22. b3 Qa5 23. Qe2 Bf6 24. Rac1 Ra8 25. Rc2 Rfc8 26. Rfc1 Rxc2 27. Rxc2 Qe5 28. f3 Qa1+ 29. Kf2 Bc3 30. Bc1 Qb1 31. Kg3 Be5+ 32. Kh3 Bc3 33. Qd3 Qa1 34. a4 h5 35. Be3 1-0

[Event "Kemerovo Chess School-ch"]
[Site "Kemerovo"]
[Date "2013.02.24"]
[Round "1"]
[White "Romanova, Anastasia"]
[Black "Gerentsev, Viktor"]
[Result "1-0"]
[WhiteElo "1987"]
[BlackElo "2104"]
[PlyCount "71"]
[EventDate "2013.02.24"]
[EventType "swiss"]
[EventRounds "9"]
[EventCountry "RUS"]
[SourceTitle "EXT 2014"]
[Source "ChessBase"]
[SourceDate "2013.11.20"]
[SourceVersion "1"]
[SourceVersionDate "2013.11.20"]
[SourceQuality "1"]

1. Nf3 d5 2. d4 Nf6 3. c4 c6 4. Nc3 g6 5. cxd5 cxd5 6. Ne5 Bg7 7. g3 0-0 8. Bg2 b6 9. 0-0 Bb7 10. Be3 Na6 11. Qb3 Rc8 12. f4 Nc7 13. f5 Nd7 14. Nd3 Nf6 15. Bh3 gxf5 16. Rxf5 e6 17. Rf3 Ne4 18. Raf1 Ng5 19. Bxg5 Qxg5 20. e3 Ne8 21. Qa3 Qh6 22. Qxa7 Nd6 23. Bg2 Rc6 24. Qa4 Ra8 25. Qd1 Ba6 26. Nb4 Rc7 27. Nxa6 Rxa6 28. Qe2 Ra5 29. Rf4 Nc4 30. Qf2 f5 31. g4 fxg4 32. b4 Ra6 33. Nxd5 exd5 34. Bxd5+ Kh8 35. Rxg4 Rc8 36. Qf8+ 1-0

[Event "Abaza op"]
[Site "Abaza"]
[Date "2012.07.28"]
[Round "8"]
[White "Romanova, Anastasia"]
[Black "Kostyleva, Alexandra"]
[Result "1-0"]
[WhiteElo "1934"]
[BlackElo "1875"]
[PlyCount "75"]
[EventDate "2012.07.21"]
[EventType "swiss"]
[EventRounds "9"]
[EventCountry "RUS"]
[SourceTitle "CBM 149 Extra"]
[Source "ChessBase"]
[SourceDate "2012.08.24"]
[SourceVersion "1"]
[SourceVersionDate "2012.08.24"]
[SourceQuality "1"]

1. Nf3 Nf6 2. c4 g6 3. d4 Bg7 4. g3 0-0 5. Bg2 d6 6. 0-0 c6 7. Nc3 Qc7 8. h3 e5 9. e4 Nbd7 10. Re1 Re8 11. Be3 exd4 12. Nxd4 Nc5 13. Qc2 Ne6 14. Rad1 Nxd4 15. Bxd4 Be6 16. b3 Nh5 17. Kh2 f5 18. f4 fxe4 19. Nxe4 d5 20. Bxg7 Qxg7 21. Nd6 Re7 22. Qe2 Kf8 23. Nxb7 Rae8 24. Nd6 Rd8 25. Ne4 Rde8 26. Nd6 Rd8 27. c5 Rb8 28. Qf3 Bd7 29. Re5 Rxe5 30. fxe5+ Kg8 31. Qe3 Qe7 32. Rf1 Rf8 33. Rxf8+ Kxf8 34. b4 a6 35. Bf1 Qe6 36. g4 Ng7 37. Bxa6 d4 38. Qf4+ 1-0

[Event "Abaza op"]
[Site "Abaza"]
[Date "2012.07.25"]
[Round "5"]
[White "Guk, Evgeniy"]
[Black "Romanova, Anastasia"]
[Result "1-0"]
[WhiteElo "2078"]
[BlackElo "1934"]
[PlyCount "69"]
[EventDate "2012.07.21"]
[EventType "swiss"]
[EventRounds "9"]
[EventCountry "RUS"]
[SourceTitle "CBM 149 Extra"]
[Source "ChessBase"]
[SourceDate "2012.08.24"]
[SourceVersion "1"]
[SourceVersionDate "2012.08.24"]
[SourceQuality "1"]

1. Nf3 c5 2. b3 Nc6 3. Bb2 d5 4. e3 e6 5. Bb5 Bd7 6. 0-0 Nf6 7. d3 Bd6 8. Bxc6 Bxc6 9. Ne5 Qc7 10. f4 Nd7 11. Nxc6 Qxc6 12. Nd2 0-0 13. e4 e5 14. exd5 Qxd5 15. f5 Nf6 16. Qe2 Rad8 17. Rae1 Rfe8 18. g4 b5 19. g5 Nd7 20. Qe4 Nb6 21. Nf3 f6 22. c4 Qxe4 23. Rxe4 Bf8 24. Re3 a6 25. Kf2 Kf7 26. Ke2 Rd6 27. h4 Rb8 28. Nd2 Rd7 29. h5 Nc8 30. Ne4 Na7 31. h6 Re8 32. hxg7 Bxg7 33. gxf6 Bxf6 34. Rh3 Rh8 35. Rfh1 1-0

[Event "Abaza op"]
[Site "Abaza"]
[Date "2012.07.23"]
[Round "3"]
[White "Khlichkova, Tatiana"]
[Black "Romanova, Anastasia"]
[Result "1-0"]
[WhiteElo "2104"]
[BlackElo "1934"]
[PlyCount "77"]
[EventDate "2012.07.21"]
[EventType "swiss"]
[EventRounds "9"]
[EventCountry "RUS"]
[SourceTitle "CBM 149 Extra"]
[Source "ChessBase"]
[SourceDate "2012.08.24"]
[SourceVersion "1"]
[SourceVersionDate "2012.08.24"]
[SourceQuality "1"]

1. d4 d5 2. c4 c6 3. Nf3 Nf6 4. Nc3 e6 5. e3 Nbd7 6. Qc2 Bd6 7. g4 dxc4 8. g5 Nd5 9. Bxc4 Nb4 10. Qe4 b5 11. Bb3 Rb8 12. a3 Qa5 13. Bd2 Bb7 14. Bxe6 Nc2+ 15. Qxc2 fxe6 16. Qb3 Nf8 17. Ne4 Qc7 18. Nc5 Qf7 19. Ne5 Bxe5 20. dxe5 Nd7 21. Qxe6+ Qxe6 22. Nxe6 Kf7 23. Nf4 Nxe5 24. Bc3 Nf3+ 25. Ke2 c5 26. Rhd1 Rbd8 27. Bxg7 Rhe8 28. Bf6 Rxd1 29. Rxd1 Ne5 30. Bxe5 Rxe5 31. Rd7+ Re7 32. g6+ hxg6 33. Rxe7+ Kxe7 34. Nxg6+ Kf6 35. Nf4 a5 36. Nd3 c4 37. Nc5 Bc8 38. f4 Bg4+ 39. Kd2 1-0

[Event "Moscow op (Women)"]
[Site "Moscow"]
[Date "2012.02.04"]
[Round "8"]
[White "Romanova, Anastasia"]
[Black "Mirzaeva, Gulnara"]
[Result "0-1"]
[WhiteElo "1935"]
[BlackElo "1749"]
[PlyCount "108"]
[EventDate "2012.01.28"]
[EventType "swiss"]
[EventRounds "9"]
[EventCountry "RUS"]
[SourceTitle "CBM 146 Extra"]
[Source "ChessBase"]
[SourceDate "2012.02.29"]
[SourceVersion "1"]
[SourceVersionDate "2012.02.29"]
[SourceQuality "1"]

1. Nf3 d5 2. d4 c6 3. c4 e6 4. Nc3 dxc4 5. a4 Bb4 6. e3 b5 7. Bd2 Bb7 8. axb5 Bxc3 9. Bxc3 cxb5 10. b3 a5 11. bxc4 b4 12. Bb2 Nf6 13. Bd3 Nbd7 14. 0-0 0-0 15. Ne5 Nxe5 16. dxe5 Nd7 17. Bd4 Qc7 18. f4 Nc5 19. Bc2 Rfd8 20. Qb1 h6 21. Qb2 Qc6 22. Bd1 Nd3 23. Qd2 Qxc4 24. Bg4 Rxd4 25. exd4 Qxd4+ 26. Kh1 Be4 27. Ra4 Qb6 28. Bf3 Nc5 29. Bxe4 Nxe4 30. Qb2 Rd8 31. Qc2 Nc3 32. Raa1 a4 33. h3 Qd4 34. Rf3 Qd2 35. Rf2 Qe3 36. Rf3 Qd2 37. Rf2 Qxc2 38. Rxc2 Rd3 39. Rb2 b3 40. Ra3 Rd1+ 41. Kh2 Rc1 42. Rd2 Kh7 43. Rb2 Nd1 44. Rbxb3 axb3 45. Rxb3 Rc4 46. Rf3 f6 47. exf6 gxf6 48. f5 e5 49. Rb3 h5 50. Rb6 Kg7 51. Rb7+ Kh6 52. Rf7 Kg5 53. Rh7 e4 54. Rd7 Nf2 0-1

[Event "Moscow op (Women)"]
[Site "Moscow"]
[Date "2012.01.31"]
[Round "4"]
[White "Vasilieva, Aisena"]
[Black "Romanova, Anastasia"]
[Result "0-1"]
[WhiteElo "1693"]
[BlackElo "1935"]
[PlyCount "56"]
[EventDate "2012.01.28"]
[EventType "swiss"]
[EventRounds "9"]
[EventCountry "RUS"]
[SourceTitle "CBM 146 Extra"]
[Source "ChessBase"]
[SourceDate "2012.02.29"]
[SourceVersion "1"]
[SourceVersionDate "2012.02.29"]
[SourceQuality "1"]

1. e4 c5 2. Nf3 d6 3. Bb5+ Bd7 4. Bxd7+ Qxd7 5. 0-0 Nf6 6. Re1 Nc6 7. c3 g6 8. d4 cxd4 9. cxd4 Bg7 10. Nc3 0-0 11. Be3 Rfd8 12. Rc1 d5 13. e5 Ne8 14. Bf4 Nc7 15. Ng5 h6 16. Nf3 Ne6 17. Be3 Rac8 18. Qd2 Kh7 19. Nh4 Nxe5 20. dxe5 d4 21. Rcd1 Rc7 22. Bxd4 Nxd4 23. Qe3 Qg4 24. Nb5 Ne2+ 25. Kf1 Rxd1 26. Rxd1 Rc2 27. Nf3 Nf4 28. Ne1 Qxd1 0-1

[Event "Moscow op (Women)"]
[Site "Moscow"]
[Date "2012.01.30"]
[Round "3"]
[White "Romanova, Anastasia"]
[Black "Ivakhinova, Inna"]
[Result "0-1"]
[WhiteElo "1935"]
[BlackElo "2291"]
[PlyCount "60"]
[EventDate "2012.01.28"]
[EventType "swiss"]
[EventRounds "9"]
[EventCountry "RUS"]
[SourceTitle "CBM 146 Extra"]
[Source "ChessBase"]
[SourceDate "2012.02.29"]
[SourceVersion "1"]
[SourceVersionDate "2012.02.29"]
[SourceQuality "1"]

1. Nf3 d5 2. d4 Nf6 3. c4 c6 4. Nc3 e6 5. e3 Nbd7 6. Bd3 dxc4 7. Bxc4 b5 8. Bd3 Bd6 9. 0-0 0-0 10. Qc2 Bb7 11. a3 h6 12. Bd2 Qe7 13. Rfc1 Rfc8 14. Be1 a6 15. e4 e5 16. Qe2 exd4 17. Nxd4 g6 18. Bd2 c5 19. Nf3 Kg7 20. Re1 Re8 21. Rad1 b4 22. Na2 a5 23. Bb1 Bc7 24. h3 Ne5 25. Nxe5 Qxe5 26. g3 Qe6 27. Kh2 Nxe4 28. Bxe4 Bxe4 29. Nc1 Qf5 30. Qe3 g5 0-1

[Event "Kuzbass-ch op"]
[Site "Kemerovo"]
[Date "2011.10.19"]
[Round "7"]
[White "Romanova, Anastasia"]
[Black "Savintsev, Dmitriy"]
[Result "1-0"]
[WhiteElo "1913"]
[BlackElo "1901"]
[PlyCount "35"]
[EventDate "2011.10.14"]
[EventType "swiss"]
[EventRounds "9"]
[EventCountry "RUS"]
[SourceTitle "EXT 2012"]
[Source "ChessBase"]
[SourceDate "2011.11.24"]
[SourceVersion "1"]
[SourceVersionDate "2011.11.24"]
[SourceQuality "1"]

1. Nf3 f5 2. d4 Nf6 3. c4 d6 4. g3 c6 5. Bg2 Qc7 6. d5 e5 7. dxe6 Bxe6 8. Qd4 Nbd7 9. Ng5 Bg8 10. 0-0 0-0-0 11. Qxa7 h6 12. Nf3 Bxc4 13. Nc3 Qb6 14. Qa4 Qa6 15. Qc2 g6 16. b3 Bf7 17. Bb2 Bg7 18. b4 1-0

[Event "Kuzbass-ch op"]
[Site "Kemerovo"]
[Date "2011.10.18"]
[Round "6"]
[White "Lapenko, Andrey"]
[Black "Romanova, Anastasia"]
[Result "0-1"]
[WhiteElo "1654"]
[BlackElo "1913"]
[PlyCount "52"]
[EventDate "2011.10.14"]
[EventType "swiss"]
[EventRounds "9"]
[EventCountry "RUS"]
[SourceTitle "EXT 2012"]
[Source "ChessBase"]
[SourceDate "2011.11.24"]
[SourceVersion "1"]
[SourceVersionDate "2011.11.24"]
[SourceQuality "1"]

1. e4 c5 2. Nf3 Nc6 3. d4 cxd4 4. Nxd4 g6 5. c4 Nf6 6. Nc3 Nxd4 7. Qxd4 d6 8. Be2 Bg7 9. 0-0 0-0 10. Qd1 Be6 11. Qa4 Nd7 12. Be3 a6 13. Qc2 Rc8 14. b3 b5 15. Rac1 bxc4 16. bxc4 Bxc4 17. Bxc4 Rxc4 18. Qb3 Rc8 19. Nd5 Nc5 20. Bxc5 Rxc5 21. Qb7 e6 22. Rxc5 dxc5 23. Nb6 Qd6 24. Qxa6 Rb8 25. Rb1 c4 26. Qa5 c3 0-1

[Event "Kemerovo op"]
[Site "Kemerovo"]
[Date "2011.07.27"]
[Round "4"]
[White "Lapenko, Andrey"]
[Black "Romanova, Anastasia"]
[Result "0-1"]
[WhiteElo "1660"]
[BlackElo "1944"]
[PlyCount "64"]
[EventDate "2011.07.25"]
[EventType "swiss"]
[EventRounds "9"]
[EventCountry "RUS"]
[SourceTitle "EXT 2012"]
[Source "ChessBase"]
[SourceDate "2011.11.24"]
[SourceVersion "1"]
[SourceVersionDate "2011.11.24"]
[SourceQuality "1"]

1. e4 c5 2. Nf3 d6 3. d4 cxd4 4. Nxd4 Nf6 5. Nc3 g6 6. f3 Bg7 7. Be3 0-0 8. Qd2 Nc6 9. 0-0-0 d5 10. exd5 Nxd5 11. Nxc6 bxc6 12. Bd4 e5 13. Bc5 Re8 14. Ne4 Qc7 15. c4 Nf4 16. Bd6 Qb7 17. Nc5 Qb6 18. Ne4 Ne6 19. c5 Qb7 20. Qa5 f5 21. Nf2 e4 22. b3 e3 23. Nd3 Nd4 24. Ne5 e2 25. Rxd4 Bxe5 26. Bxe5 Rxe5 27. Rd8+ Kg7 28. Bxe2 Rxe2 29. Qc3+ Kh6 30. Qf6 Qe7 31. Qd4 Qe3+ 32. Qxe3+ Rxe3 0-1